World Capitals South of the Equator - Statistics

General Stats
  • This quiz has been taken 55 times
    46 since last reset
  • The average score is 33 of 42
Answer Stats
Country Capital % Correct
Brazil Brasília
98%
Argentina Buenos Aires
98%
Paraguay Asunción
95%
South Africa Cape Town
95%
Peru Lima
95%
Chile Santiago
95%
Australia Canberra
93%
Uruguay Montevideo
93%
Kenya Nairobi
90%
South Africa Pretoria
90%
New Zealand Wellington
90%
Bolivia La Paz
88%
Angola Luanda
85%
Namibia Windhoek
85%
Timor-Leste Dili
83%
Indonesia Jakarta
83%
Democratic Republic of the Congo Kinshasa
83%
Papua New Guinea Port Moresby
83%
Fiji Suva
83%
Madagascar Antananarivo
80%
Republic of the Congo Brazzaville
80%
Zimbabwe Harare
80%
Bolivia Sucre
80%
Seychelles Victoria
78%
Samoa Apia
76%
Tanzania Dodoma
76%
Zambia Lusaka
76%
South Africa Bloemfontein
73%
Rwanda Kigali
71%
Lesotho Maseru
71%
Mauritius Port Louis
71%
Tuvalu Funafuti
68%
Malawi Lilongwe
68%
Vanuatu Port Vila
68%
Burundi Gitega
66%
Mozambique Maputo
66%
Comoros Moroni
66%
Botswana Gaborone
63%
Eswatini Mbabane
63%
Solomon Islands Honiara
59%
Nauru Yaren
59%
Tonga Nukuʻalofa
51%
No matching quizzes found
Score Distribution
Percent of People with Each Score
Percentile by Number Answered
Your Score History
You have not taken this quiz since the last reset